[Event "POL-chT 1st League"]
[Site "Ustron"]
[Date "2020.09.11"]
[Round "7.1"]
[White "Rawicz, Karol"]
[Black "Reza, Wojciech"]
[Result "0-1"]
[WhiteElo "2225"]
[BlackElo "2273"]
[PlyCount "90"]
[EventDate "2020.09.05"]
[EventType "team-tourn"]
[EventRounds "9"]
[EventCountry "POL"]
[SourceTitle "CBM 198 Extra"]
[Source "ChessBase"]
[SourceDate "2020.11.30"]
[SourceVersion "1"]
[SourceVersionDate "2020.11.30"]
[SourceQuality "1"]
[WhiteTeam "Pawlowice Gminy"]
[BlackTeam "Gostynin Gostmat 83"]
[WhiteTeamCountry "POL"]
[BlackTeamCountry "POL"]

1. d4 Nf6 2. c4 e6 3. Nc3 Bb4 4. Qc2 d6 5. Nf3 Nbd7 6. e3 0-0 7. Be2 e5 8. a3 Bxc3+ 9. Qxc3 exd4 10. Nxd4 c5 11. Nf3 d5 12. 0-0 Qe7 13. b3 Ne4 14. Qc2 dxc4 15. bxc4 b6 16. Bb2 Bb7 17. Rad1 Rfd8 18. Rd3 Ndf6 19. Ne5 Nd6 20. f3 Nfe8 21. Rfd1 f6 22. Ng4 Nf7 23. e4 Ned6 24. Qc3 Qe6 25. Bf1 Bc6 26. h4 Ba4 27. Re1 h5 28. Ne3 Ne5 29. Rd5 Bc6 30. Rd2 Ng6 31. Nd5 Rac8 32. g3 Qe5 33. f4 Qxc3 34. Bxc3 Kf7 35. e5 Nb5 36. cxb5 Bxd5 37. Rxd5 Rxd5 38. Bc4 Rcd8 39. f5 Ne7 40. exf6 gxf6 41. Re6 Nxf5 42. Rxf6+ Ke7 43. Rg6 Rd1+ 44. Kh2 R8d6 45. Rg5 Rc1 0-1

[Event "POL-chT 1st League"]
[Site "Ustron"]
[Date "2020.09.05"]
[Round "1.1"]
[White "Rawicz, Karol"]
[Black "Mis, Mieszko"]
[Result "0-1"]
[WhiteElo "2225"]
[BlackElo "2350"]
[PlyCount "68"]
[EventDate "2020.09.05"]
[EventType "team-tourn"]
[EventRounds "9"]
[EventCountry "POL"]
[SourceTitle "CBM 198 Extra"]
[Source "ChessBase"]
[SourceDate "2020.11.30"]
[SourceVersion "1"]
[SourceVersionDate "2020.11.30"]
[SourceQuality "1"]
[WhiteTeam "Pawlowice Gminy"]
[BlackTeam "Czarna LKSz"]
[WhiteTeamCountry "POL"]
[BlackTeamCountry "POL"]

1. d4 Nf6 2. c4 e6 3. Nc3 Bb4 4. e3 0-0 5. Bd3 c5 6. Nge2 d5 7. cxd5 cxd4 8. exd4 Nxd5 9. 0-0 Nc6 10. Bc2 Nf6 11. Qd3 Ne7 12. Bg5 Ng6 13. h4 Qa5 14. Bxf6 gxf6 15. d5 Rd8 16. h5 Nf8 17. Ne4 Nd7 18. dxe6 fxe6 19. Rad1 Be7 20. Nf4 Nf8 21. Qg3+ Kf7 22. h6 Rxd1 23. Rxd1 Qe5 24. Qf3 Bd7 25. Nd3 Qc7 26. Bb3 Rd8 27. Qh5+ Ng6 28. Qf5 Kf8 29. Bxe6 Qc2 30. Rd2 Qb1+ 31. Kh2 Bxe6 32. Qxe6 Rxd3 33. Nxf6 Bd6+ 34. g3 Bxg3+ 0-1

[Event "POL-chT 1st League"]
[Site "Dzwirzyno"]
[Date "2019.09.13"]
[Round "7.4"]
[White "Grabarczyk, Miroslaw"]
[Black "Rawicz, Karol"]
[Result "1/2-1/2"]
[WhiteElo "2374"]
[BlackElo "2200"]
[PlyCount "35"]
[EventDate "2019.09.07"]
[EventType "team-tourn"]
[EventRounds "9"]
[EventCountry "POL"]
[SourceTitle "EXT 2020"]
[Source "ChessBase"]
[SourceDate "2019.10.17"]
[SourceVersion "1"]
[SourceVersionDate "2019.10.17"]
[SourceQuality "1"]
[WhiteTeam "Plock Hetman"]
[BlackTeam "Pawlowice Gminy"]
[WhiteTeamCountry "POL"]
[BlackTeamCountry "POL"]

1. d4 d5 2. Nf3 Nf6 3. g3 c6 4. Bg2 Bf5 5. 0-0 e6 6. c4 Be7 7. Nc3 h6 8. Re1 0-0 9. Qb3 Qb6 10. c5 Qxb3 11. axb3 Nbd7 12. b4 a6 13. Bf4 g5 14. Be3 Ne4 15. Red1 Rae8 16. Ne1 Bd8 17. Nd3 Bc7 18. Ra2 1/2-1/2

[Event "POL-chT 1st League"]
[Site "Dzwirzyno"]
[Date "2019.09.10"]
[Round "4.4"]
[White "Rawicz, Karol"]
[Black "Plichta, Kamil"]
[Result "1-0"]
[WhiteElo "2200"]
[BlackElo "2349"]
[PlyCount "53"]
[EventDate "2019.09.07"]
[EventType "team-tourn"]
[EventRounds "9"]
[EventCountry "POL"]
[SourceTitle "EXT 2020"]
[Source "ChessBase"]
[SourceDate "2019.10.17"]
[SourceVersion "1"]
[SourceVersionDate "2019.10.17"]
[SourceQuality "1"]
[WhiteTeam "Pawlowice Gminy"]
[BlackTeam "Gostynin Gostmat 83"]
[WhiteTeamCountry "POL"]
[BlackTeamCountry "POL"]

1. d4 Nf6 2. c4 g6 3. Nc3 Bg7 4. Nf3 0-0 5. g3 d6 6. Bg2 Nbd7 7. 0-0 e5 8. h3 exd4 9. Nxd4 Re8 10. e4 c6 11. Be3 a5 12. Qc2 Nc5 13. Rad1 Qb6 14. Nb3 Qb4 15. Nxc5 dxc5 16. Na4 Be6 17. b3 b5 18. Bxc5 bxa4 19. Bxb4 axb3 20. axb3 axb4 21. e5 Nd7 22. Bxc6 Nxe5 23. Bxa8 Rxa8 24. Qe4 Re8 25. Rfe1 Bf5 26. Qd5 Bc2 27. Ra1 1-0

[Event "POL-chT 1st League"]
[Site "Dzwirzyno"]
[Date "2019.09.08"]
[Round "2.5"]
[White "Rawicz, Karol"]
[Black "Nurkiewicz, Maciej"]
[Result "0-1"]
[WhiteElo "2200"]
[BlackElo "2334"]
[PlyCount "178"]
[EventDate "2019.09.07"]
[EventType "team-tourn"]
[EventRounds "9"]
[EventCountry "POL"]
[SourceTitle "EXT 2020"]
[Source "ChessBase"]
[SourceDate "2019.10.17"]
[SourceVersion "1"]
[SourceVersionDate "2019.10.17"]
[SourceQuality "1"]
[WhiteTeam "Pawlowice Gminy"]
[BlackTeam "Wrzos Miedzyborow"]
[WhiteTeamCountry "POL"]
[BlackTeamCountry "POL"]

1. Nf3 d5 2. d4 Nf6 3. c4 dxc4 4. e3 e6 5. Bxc4 a6 6. 0-0 c5 7. dxc5 Qxd1 8. Rxd1 Bxc5 9. Nbd2 b6 10. Be2 Nbd7 11. a3 Bb7 12. b4 Be7 13. Bb2 Rc8 14. Nc4 Bd5 15. Nfd2 b5 16. Ne5 Rc2 17. Bd4 Nxe5 18. Bxe5 Nd7 19. Bg3 0-0 20. e4 Bb7 21. Bd3 Rc3 22. Nb1 Rcc8 23. Kf1 Rfd8 24. Ke2 Nb6 25. Ra2 Na4 26. Rc2 Bf6 27. e5 Bg5 28. f3 Bd5 29. f4 Be7 30. Rdc1 Rxc2+ 31. Bxc2 Nb2 32. Nd2 Bxg2 33. Rb1 Nc4 34. Nxc4 bxc4 35. a4 Rb8 36. b5 axb5 37. axb5 Bc5 38. Bf2 Bxf2 39. Kxf2 Bd5 40. Ke3 Kf8 41. Be4 Bxe4 42. Kxe4 Rd8 43. b6 Ke7 44. Rc1 Rb8 45. Rxc4 Rxb6 46. Rc7+ Ke8 47. Kf3 Rb3+ 48. Kg4 Rd3 49. Ra7 h6 50. Ra8+ Ke7 51. Ra7+ Rd7 52. Ra8 f6 53. exf6+ Kxf6 54. Rf8+ Kg6 55. Re8 Kf7 56. Ra8 Rd4 57. Kg3 Kg6 58. Re8 Rd3+ 59. Kg4 h5+ 60. Kh4 Re3 61. Re7 Kf6 62. Re8 Rf3 63. Kxh5 Rxf4 64. Rf8+ Ke5 65. Rg8 Rf2 66. h4 Rg2 67. Ra8 g6+ 68. Kh6 Rg4 69. h5 gxh5 70. Kxh5 Rg1 71. Ra5+ Kf4 72. Ra4+ Kf5 73. Kh4 e5 74. Kh3 e4 75. Kh2 Rg8 76. Ra7 Kf4 77. Re7 e3 78. Rf7+ Ke4 79. Re7+ Kf3 80. Rf7+ Ke2 81. Re7 Kf2 82. Rf7+ Ke1 83. Re7 e2 84. Re6 Rg5 85. Re8 Kf2 86. Rf8+ Ke3 87. Re8+ Kf3 88. Rf8+ Ke4 89. Rf1 exf1R 0-1

[Event "POL-chT 1st League"]
[Site "Pokrzywna"]
[Date "2018.09.01"]
[Round "1.5"]
[White "Rawicz, Karol"]
[Black "Bardeli, Lukasz"]
[Result "1-0"]
[WhiteElo "2164"]
[BlackElo "2133"]
[PlyCount "97"]
[EventDate "2018.09.01"]
[EventType "team-tourn"]
[EventRounds "9"]
[EventCountry "POL"]
[SourceTitle "CBM 186 Extra"]
[Source "ChessBase"]
[SourceDate "2018.08.24"]
[SourceVersion "1"]
[SourceVersionDate "2018.08.24"]
[SourceQuality "1"]
[WhiteTeam "Pawlowice Gminy"]
[BlackTeam "Chrobry Gniezno"]
[WhiteTeamCountry "POL"]
[BlackTeamCountry "POL"]

1. e4 e5 2. Nf3 Nf6 3. Nxe5 d6 4. Nf3 Nxe4 5. Nc3 Nxc3 6. dxc3 Be7 7. Bf4 Nd7 8. Be2 Nc5 9. 0-0 0-0 10. Nd4 Bg5 11. Qc1 Bxf4 12. Qxf4 Ne6 13. Qf3 Qg5 14. Rfe1 Nf4 15. Bf1 h5 16. h4 Qg4 17. g3 Ng6 18. Qxg4 Bxg4 19. f3 Bd7 20. f4 Rfe8 21. Be2 c5 22. Nb3 Bg4 23. Bxg4 hxg4 24. Na5 b6 25. Nc4 d5 26. Ne3 Ne7 27. Nxg4 Nf5 28. Kf2 f6 29. Ne3 Ne7 30. Rad1 Rad8 31. Nxd5 Kf7 32. Nxe7 Rxd1 33. Rxd1 Rxe7 34. Rd5 Ke6 35. c4 Kf7 36. b3 Ke8 37. h5 Kf7 38. Kf3 Ke8 39. Kf2 Kf7 40. a4 Ke8 41. a5 Rb7 42. axb6 axb6 43. Kf3 Ke7 44. Kg4 Ke6 45. Rd8 Ke7 46. Rc8 Ke6 47. c3 Kd6 48. Kf5 b5 49. Ke4 1-0

[Event "Katowice POL-HUN 6th"]
[Site "Katowice"]
[Date "2018.05.06"]
[Round "7"]
[White "Rawicz, Karol"]
[Black "Mista, Aleksander"]
[Result "1/2-1/2"]
[WhiteElo "2164"]
[BlackElo "2590"]
[PlyCount "108"]
[EventDate "2018.05.05"]
[EventType "swiss (rapid)"]
[EventRounds "9"]
[EventCountry "POL"]
[SourceTitle "CBM 184 Extra"]
[Source "ChessBase"]
[SourceDate "2018.06.28"]
[SourceVersion "1"]
[SourceVersionDate "2018.06.28"]
[SourceQuality "1"]

1. d4 Nf6 2. c4 g6 3. Nc3 d5 4. Nf3 Bg7 5. Qb3 dxc4 6. Qxc4 0-0 7. e4 Nc6 8. Be2 e5 9. d5 Nd4 10. Nxd4 exd4 11. Qxd4 c6 12. Qc4 b5 13. Qxc6 Bd7 14. Qd6 Re8 15. Bd3 Nh5 16. Ne2 Bf8 17. Qa6 Bb4+ 18. Kf1 Bc5 19. Bd2 Qh4 20. Be1 Nf4 21. Nxf4 Qxf4 22. h4 f5 23. Qf6 Rf8 24. Qg5 fxe4 25. Qxf4 Rxf4 26. Be2 Bxf2 27. Bxf2 Raf8 28. Ke1 Rxf2 29. Rg1 e3 30. Rc1 R8f5 31. Rc3 Rxd5 32. Rxe3 Rf6 33. Rf1 Re6 34. Rxe6 Bxe6 35. Rf4 Re5 36. b3 a5 37. Kd2 Kg7 38. b4 a4 39. a3 h6 40. Rd4 g5 41. hxg5 Rxg5 42. Rd6 Bf7 43. g4 Re5 44. Rc6 Be8 45. Rc5 Kf6 46. Rxe5 Kxe5 47. Ke3 Bd7 48. Bf3 Be8 49. Be2 Kd5 50. Bd3 Bd7 51. Be2 Ke5 52. Bf3 Be8 53. Be4 Bd7 54. Bf3 Be8 1/2-1/2

[Event "Katowice POL-HUN 6th"]
[Site "Katowice"]
[Date "2018.05.05"]
[Round "4"]
[White "Pakleza, Zbigniew"]
[Black "Rawicz, Karol"]
[Result "1-0"]
[WhiteElo "2503"]
[BlackElo "2164"]
[PlyCount "57"]
[EventDate "2018.05.05"]
[EventType "swiss (rapid)"]
[EventRounds "9"]
[EventCountry "POL"]
[SourceTitle "CBM 184 Extra"]
[Source "ChessBase"]
[SourceDate "2018.06.28"]
[SourceVersion "1"]
[SourceVersionDate "2018.06.28"]
[SourceQuality "1"]

1. d4 d5 2. Bf4 c5 3. e3 Nc6 4. c3 Qb6 5. Qb3 c4 6. Qc2 Bf5 7. Qxf5 Qxb2 8. Qxd5 Qxa1 9. Qb5 0-0-0 10. Bxc4 e5 11. Bg3 Bb4 12. Bd3 Bxc3+ 13. Ke2 Qb2+ 14. Qxb2 Bxb2 15. Nf3 f6 16. Nbd2 Nge7 17. Nc4 Bc3 18. Rc1 exd4 19. Nd6+ Kd7 20. Nxb7 Rc8 21. Nc5+ Ke8 22. Ba6 Rd8 23. Ne6 Rd5 24. Nc7+ Kd7 25. Nxd5 Nxd5 26. Bb5 dxe3 27. fxe3 Re8 28. Rd1 Rxe3+ 29. Kf2 1-0

[Event "Katowice POL-HUN 6th"]
[Site "Katowice"]
[Date "2018.05.05"]
[Round "3"]
[White "Rawicz, Karol"]
[Black "Klekowski, Maciej"]
[Result "1/2-1/2"]
[WhiteElo "2164"]
[BlackElo "2509"]
[PlyCount "222"]
[EventDate "2018.05.05"]
[EventType "swiss (rapid)"]
[EventRounds "9"]
[EventCountry "POL"]
[SourceTitle "CBM 184 Extra"]
[Source "ChessBase"]
[SourceDate "2018.06.28"]
[SourceVersion "1"]
[SourceVersionDate "2018.06.28"]
[SourceQuality "1"]

1. d4 Nf6 2. c4 e6 3. Nf3 b6 4. g3 Bb7 5. Bg2 Be7 6. 0-0 0-0 7. d5 exd5 8. Nh4 c6 9. cxd5 Nxd5 10. Nf5 Nc7 11. e4 d5 12. Nc3 Bf6 13. Bf4 Nd7 14. exd5 Nxd5 15. Nxd5 cxd5 16. Nd6 Ba6 17. Re1 Bxb2 18. Rb1 Bc3 19. Qxd5 Bxe1 20. Rxe1 Nf6 21. Qxa8 Qxa8 22. Bxa8 Rxa8 23. Re7 Bd3 24. Rxf7 Bc4 25. Rxf6 gxf6 26. Nxc4 Rc8 27. Na3 Rc5 28. Bd2 Kf7 29. Kf1 b5 30. Ke2 a6 31. Kd3 Rd5+ 32. Kc2 Rf5 33. Be3 a5 34. Kd3 Rd5+ 35. Ke4 Ke6 36. Nc2 Re5+ 37. Kd4 h5 38. a3 Kf5 39. h3 Ke6 40. Na1 Rd5+ 41. Kc3 h4 42. gxh4 Rh5 43. Nb3 b4+ 44. axb4 axb4+ 45. Kxb4 Rxh4+ 46. Kc3 Ke5 47. Kd3 Rxh3 48. Nd4 Kd5 49. Ne2 Rh7 50. Bf4 Ra7 51. Nc3+ Ke6 52. Be3 Rb7 53. Ke4 Rh7 54. Ne2 Re7 55. Nd4+ Kf7+ 56. Kf4 Re5 57. Nf3 Ra5 58. Bd4 Ke6 59. Ke4 Rh5 60. Kf4 Ra5 61. Nd2 Rf5+ 62. Ke3 Rh5 63. Ne4 f5 64. Ng3 Rh4 65. Ne2 Rh3+ 66. Kf4 Rh4+ 67. Kf3 Re4 68. Be3 Kf6 69. Ng3 Rh4 70. Bf4 Rh7 71. Nf1 Rd7 72. Ne3 Rd4 73. Nf1 Rd7 74. Ng3 Rh7 75. Bd2 Rh4 76. Ne2 Rg4 77. Bf4 Rg7 78. Bg3 Rd7 79. Ng1 Rd3+ 80. Kg2 Ra3 81. Nh3 Kg6 82. Bf4 Kf6 83. f3 Ra8 84. Bg5+ Ke5 85. Bf4+ Kf6 86. Nf2 Rg8+ 87. Kf1 Rd8 88. Be3 Ra8 89. Bd4+ Kg5 90. Be5 Ra5 91. Nd3 Ra2 92. Bb2 Ra7 93. Ke2 Ra4 94. Be5 Rc4 95. Ke3 Ra4 96. Kf2 Rc4 97. Kg3 Ra4 98. f4+ Kh5 99. Ne1 Ra3+ 100. Nf3 Ra4 101. Bf6 Kg6 102. Be5 Kh5 103. Nd4 Ra3+ 104. Nf3 Ra4 105. Bf6 Ra3 106. Bg5 Rb3 107. Kf2 Ra3 108. Ke2 Ra2+ 109. Ke3 Ra3+ 110. Kf2 Ra2+ 111. Kg3 Ra3 1/2-1/2

[Event "EU-ch rapid"]
[Site "Katowice"]
[Date "2017.12.17"]
[Round "10"]
[White "Rawicz, Karol"]
[Black "Krause, Jonah"]
[Result "0-1"]
[WhiteElo "2164"]
[BlackElo "2368"]
[PlyCount "78"]
[EventDate "2017.12.16"]
[EventType "swiss (rapid)"]
[EventRounds "11"]
[EventCountry "POL"]
[SourceTitle "CBM 182 Extra"]
[Source "ChessBase"]
[SourceDate "2018.02.23"]
[SourceVersion "1"]
[SourceVersionDate "2018.02.23"]
[SourceQuality "1"]

1. d4 Nf6 2. c4 g6 3. f3 Bg7 4. e4 d6 5. Nc3 0-0 6. Nge2 Nc6 7. Be3 a6 8. Qd2 Na5 9. Ng3 b5 10. cxb5 axb5 11. Rc1 b4 12. Nd1 Rb8 13. Bh6 Bxh6 14. Qxh6 e5 15. d5 Rb6 16. h4 c6 17. dxc6 Rxc6 18. Rxc6 Nxc6 19. h5 Be6 20. Ne3 Nd4 21. Bc4 Nc2+ 22. Nxc2 Bxc4 23. Ne3 Be6 24. Nd5 Bxd5 25. exd5 Qe7 26. Qd2 e4 27. 0-0 exf3 28. Rxf3 Qe5 29. Qf4 Nxd5 30. Qxe5 dxe5 31. Rd3 Nf4 32. Re3 f6 33. Re4 Nd3 34. Rc4 Kg7 35. a3 bxa3 36. bxa3 f5 37. Rc7+ Kh6 38. hxg6 hxg6 39. Ra7 Rb8 0-1

[Event "EU-ch blitz"]
[Site "Katowice"]
[Date "2017.12.15"]
[Round "5"]
[White "Meskovs, Nikita"]
[Black "Rawicz, Karol"]
[Result "1-0"]
[WhiteElo "2538"]
[BlackElo "2164"]
[PlyCount "47"]
[EventDate "2017.12.15"]
[EventType "swiss (blitz)"]
[EventRounds "22"]
[EventCountry "POL"]
[SourceTitle "CBM 182 Extra"]
[Source "ChessBase"]
[SourceDate "2018.02.23"]
[SourceVersion "1"]
[SourceVersionDate "2018.02.23"]
[SourceQuality "1"]

1. d4 d5 2. Nf3 e6 3. c4 Nf6 4. g3 Be7 5. Bg2 0-0 6. 0-0 c6 7. Bf4 b6 8. Nc3 Ba6 9. cxd5 cxd5 10. Ne5 Nfd7 11. Rc1 Nxe5 12. Bxe5 Nd7 13. Bf4 Bb7 14. Nb5 Nf6 15. Rc7 Ba6 16. Qa4 Bxb5 17. Qxb5 Bd6 18. Bxd6 Qxd6 19. Rfc1 a6 20. Qa4 Rfb8 21. a3 h6 22. e3 b5 23. Qa5 Qb6 24. Rc8+ 1-0

[Event "POL-ch rapid"]
[Site "Zgierz"]
[Date "2017.01.08"]
[Round "3"]
[White "Rawicz, Karol"]
[Black "Piorun, Kacper"]
[Result "1-0"]
[WhiteElo "2191"]
[BlackElo "2651"]
[PlyCount "113"]
[EventDate "2017.01.08"]
[EventType "swiss (rapid)"]
[EventRounds "9"]
[EventCountry "POL"]
[SourceTitle "CBM 176 Extra"]
[Source "ChessBase"]
[SourceDate "2017.03.02"]
[SourceVersion "1"]
[SourceVersionDate "2017.03.02"]
[SourceQuality "1"]

1. d4 Nf6 2. c4 g6 3. Nc3 Bg7 4. e4 0-0 5. Nf3 c6 6. h3 d5 7. e5 Ne4 8. Qb3 Nxc3 9. bxc3 Nd7 10. Ba3 Nb6 11. c5 Nd7 12. c4 e6 13. Bd3 Re8 14. 0-0 b6 15. cxb6 axb6 16. Bd6 Ba6 17. Rfc1 Bh6 18. Rc3 dxc4 19. Bxc4 Bb7 20. Ne1 Ra7 21. Be2 Qa8 22. Bf3 Rc8 23. Nd3 c5 24. Bxb7 Rxb7 25. d5 exd5 26. Qxd5 Ra7 27. Qb3 Qe4 28. Re1 Qf5 29. Nb4 Qe6 30. Nd5 Rca8 31. Re2 b5 32. Ne7+ Kh8 33. Qxb5 Rxa2 34. Rxa2 Rxa2 35. Rxc5 Ra1+ 36. Kh2 Bf4+ 37. g3 Bxg3+ 38. Kxg3 Ra3+ 39. f3 Rxf3+ 40. Kxf3 Qxh3+ 41. Ke4 Nxc5+ 42. Bxc5 Qg2+ 43. Kd4 Qf2+ 44. Kd5 Qf3+ 45. Kd6 Kg7 46. Nd5 h5 47. Qe8 Qf1 48. Kc7 g5 49. Qf8+ Kh7 50. Nf6+ Kg6 51. Qg8+ Kf5 52. Qxf7 Qc1 53. Nd7+ Kg4 54. e6 Qc3 55. e7 Qa5+ 56. Bb6 Qc3+ 57. Kd8 1-0

[Event "Katowice POL-HUN 4th"]
[Site "Katowice"]
[Date "2016.05.08"]
[Round "6"]
[White "Rawicz, Karol"]
[Black "Jakubowski, Krzysztof"]
[Result "1/2-1/2"]
[WhiteElo "2228"]
[BlackElo "2563"]
[PlyCount "79"]
[EventDate "2016.05.07"]
[EventType "swiss (rapid)"]
[EventRounds "9"]
[EventCountry "POL"]
[SourceTitle "CBM 172 Extra"]
[Source "ChessBase"]
[SourceDate "2016.06.21"]
[SourceVersion "1"]
[SourceVersionDate "2016.06.21"]
[SourceQuality "1"]

1. d4 Nf6 2. c4 e6 3. g3 d5 4. Nf3 dxc4 5. Qa4+ Bd7 6. Qxc4 c5 7. dxc5 Bc6 8. Bg2 Nbd7 9. 0-0 Bxc5 10. Nc3 Rc8 11. Qb3 0-0 12. Bf4 Qa5 13. Rad1 Nd5 14. Bd2 Qa6 15. Qc2 N7f6 16. Qb1 Nxc3 17. Bxc3 Be4 18. Qa1 Qxe2 19. Rd2 Qb5 20. Bxf6 gxf6 21. Nd4 Bxd4 22. Rxd4 Bxg2 23. Kxg2 Rfd8 24. Rfd1 Rxd4 25. Rxd4 Rc2 26. Qd1 Qc6+ 27. Kh3 Rc5 28. Rg4+ Rg5 29. Qd8+ Kg7 30. Rxg5+ fxg5 31. Qxg5+ Kf8 32. Qd8+ Kg7 33. Qg5+ Kf8 34. Qd8+ Kg7 35. Qg5+ Kf8 36. Qd8+ Kg7 37. Qg5+ Kf8 38. Qd8+ Kg7 39. Qg5+ Kf8 40. Qd8+ 1/2-1/2